000
00221nam a22000857a 4500
008
160921b xxu||||| |||| 00| 0 eng d
100
_9
700
_a
Aggarwal.V.P
245
_a
Lab-Biology-XI
260
_a
New Delhi
_b
AP. Publications
_c
2011
999
_c
3357
_d
3357